| 000 | 01884cpcaa2200409 a 4500 | ||
|---|---|---|---|
| 001 | mm 82043729 | ||
| 003 | DLC | ||
| 005 | 20260227111714.0 | ||
| 007 | cr ||||||||||| | ||
| 008 | 820702|||||||||||| eng | ||
| 010 | _amm 82043729 | ||
| 040 |
_aDLC _cDLC _edacs _dDLC |
||
| 072 | 7 |
_aL _2lcmd |
|
| 100 | 1 | _aUpdike, John. | |
| 245 | 0 | 0 |
_aJohn Updike papers, _f1962-1969. |
| 300 |
_a166 _fitems. |
||
| 300 |
_a7 _fcontainers. |
||
| 300 |
_a2.6 _flinear feet. |
||
| 506 | 0 | _aOpen to research. | |
| 520 | 8 | _aCorrespondence, galley proofs, plate proof, typescripts, notes, book covers, poems, photographs, and other papers. Includes drafts and other material for Updike's novels The Centaur, Of the Farm, and The Poorhouse Fair; drafts of the poetry anthology, Midpoint, and Other Poems; and drafts of other poems, many published in the New Yorker. Correspondence relates chiefly to publication of Updike's works. | |
| 545 | 0 | _aNovelist, short story writer, and poet. Born 1932. | |
| 546 | _aCollection material in English. | ||
| 555 | 8 |
_aFinding aid available in the Library of Congress Manuscript Reading Room and at _uhttp://hdl.loc.gov/loc.mss/eadmss.ms010250 |
|
| 630 | 0 | 0 | _aNew Yorker. |
| 650 | 0 | _aAmerican literature. | |
| 650 | 0 | _aAmerican poetry. | |
| 656 | 7 |
_aAuthors. _2itoamc |
|
| 656 | 7 |
_aPoets. _2itoamc |
|
| 700 | 1 |
_aUpdike, John. _tCentaur _f(1963) |
|
| 700 | 1 |
_aUpdike, John. _tMidpoint, and other poems _f(1969) |
|
| 700 | 1 |
_aUpdike, John. _tOf the farm _f(1965) |
|
| 700 | 1 |
_aUpdike, John. _tPoorhouse fair _f(1958) |
|
| 856 | 4 |
_3Finding aid _uhttp://hdl.loc.gov/loc.mss/eadmss.ms010250 |
|
| 856 | 4 |
_3Finding aid (PDF) _uhttp://hdl.loc.gov/loc.mss/eadmss.ms010250.3 |
|
| 999 |
_c43607 _d43607 |
||